Notas sobre el cultivo de la remolacha azucarera / por Luis Guitart...
Descripción Física:
31 p. : il. ; 21 cm
Materias:
Remolatxes sucreres -- Conreu
MARC
| LEADER | 00000nam a2200000Ia 4500 | ||
|---|---|---|---|
| 001 | 2202 | ||
| 008 | 160829s1925 xx 000 0 cat d | ||
| 080 | |a RF-3-69 | ||
| 100 | |a Guitart, Luis |9 22813 | ||
| 245 | |a Notas sobre el cultivo de la remolacha azucarera / por Luis Guitart... | ||
| 260 | |a Barcelona : |b Mancomunidad de Catalunya. Escuela Superior de Agricultura, |c 1925 | ||
| 300 | |a 31 p. : |b il. ; |c 21 cm | ||
| 490 | |a Publicaciones divulgadoras de la Escuela Superior de Agricultura | ||
| 650 | |a Remolatxes sucreres |x Conreu |9 22814 | ||
| 710 | 2 | |a Catalunya. |b Mancomunitat |9 53015 | |
| 710 | 2 | |a Escola Superior d'Agricultura de Barcelona |9 70055 | |
| 856 | 4 | |u https://media.diba.cat/diba/fitxers/arxiu/fulletons/bib_2202_1928_baixa.pdf |y Accés lliure | |
| 856 | 4 | |u https://media.diba.cat/diba/fitxers/arxiu/fulletons/bib_2202_1928_baixa.pdf |y Accés lliure | |
| 901 | |a Arxiu | ||
| 942 | |n 1 |2 udc | ||
| 952 | |0 0 |1 0 |4 0 |6 RF369 |7 1 |9 42348 |a Arxiu |b Arxiu |d 2016-12-01 |l 0 |o RF-3-69 |p 2202 |r 2016-12-01 00:00:00 |w 2016-12-01 |y ARXIU | ||
| 999 | |c 44826 |d 44826 | ||
| 900 | |a bib_2202_1928_baixa.pdf | ||